Memoria presentada por el presidente del Ateneo Ferdinand R. Cestero dando cuenta de los trabajos realizados por la Junta Directiva al cesar en el año 1808. (Record no. 44107)

MARC details
000 -LEADER
campo de control de longitud fija 00640nam a2200181 i 4500
001 - NÚMERO DE CONTROL
campo de control 44107
003 - IDENTIFICADOR DE NÚMERO DE CONTROL
campo de control ES-MaACL
005 - FECHA Y HORA DE LA ÚLTIMA TRANSACCIÓN
campo de control 20250726084058.0
007 - CAMPO FIJO DE DESCRIPCIÓN FÍSICA--INFORMACIÓN GENERAL
campo de control de longitud fija t|
008 - DATOS DE LONGITUD FIJA--INFORMACIÓN GENERAL
campo de control de longitud fija 030320s1910 pr ||||1| spa d
100 1# - ENTRADA PRINCIPAL--NOMBRE DE PERSONA
Nombre de persona Cestero, Ferdinand R.
9 (RLIN) 37697
245 10 - MENCIÓN DEL TÍTULO
Título Memoria presentada por el presidente del Ateneo Ferdinand R. Cestero dando cuenta de los trabajos realizados por la Junta Directiva al cesar en el año 1808.
260 ## - PUBLICACIÓN, DISTRIBUCIÓN, ETC.
Lugar de publicación, distribución, etc. San Juan de Puerto Rico :
Nombre del editor, distribuidor, etc. [s.n.,
Fecha de publicación, distribución, etc. 1910]
500 ## - NOTA GENERAL
Nota general Precede al tít.: Ateneo Puertorriqueño.
710 2# - ENTRADA AGREGADA--NOMBRE DE ENTIDAD CORPORATIVA
Nombre de entidad corporativa o nombre de jurisdicción como elemento de entrada Ateneo Puertorriqueño
9 (RLIN) 2054
852 ## - LOCALIZACIÓN
Ubicación ES-MaACL
Número de control de estantería T-1251-F-8
Holdings
Estatus retirado Estado de pérdida Estado de daño No para préstamo Colección Biblioteca de origen Biblioteca actual Ubicación en estantería Fecha de adquisición Fuente de adquisición Total de préstamos Signatura topográfica completa Código de barras Visto por última vez Precio de reemplazo Tipo de ítem Koha
        Colección de folletos Biblioteca del Ateneo de Madrid Biblioteca del Ateneo de Madrid Depósito folletos 17/01/2008     T-1251-F-8 1046424 23/02/2023 23/02/2023 Folleto